000 00447nam a2200181Ia 4500
003 GCL
008 140319s9999 xx 000 0 eng d
040 _aGCL /
_cGCL
082 0 4 _a110
_bG A
100 1 _aGRAYEFF, FELIX
245 1 0 _aARISTOTLE AND HIS SCHOOL /
_cGRAYEFF, FELIX
260 _a[S.N] :
_bDUCKWORTH & CO. ،
_c1974
300 _a230 P
650 0 4 _aMETAPHYSICS
650 0 4 _aPHILOSOPHY
650 0 4 _aARISTOTLE
942 _2ddc
_cBK
999 _c21400
_d21400